000 01042naa a22002657a 4500
001 BR9100990
003 BR-BrBNA
005 20240918180640.0
007 ta
008 230509b bl.||||| |||| 00| 0 por d
040 _aBR-BrBNA
_bpor
_cBiblioteca Nacional de Agricultura
041 _a(Pt)
072 _aK01; E20
090 _aK01 BR9100990
100 1 _aCarvalho, J.C.
111 1 _aSimposio Bilateral Brasil-Finlandia sobre Atualidades Florestais
_cCuritiba, PR (Brazil)
_d16-22 Oct 1988
245 1 _aO papel do pequeno e medio agricultor no desenvolvimento florestal do pais
260 3 _aCuritiba, PR (Brasil):
_c1988.
500 _aSimposio Bilateral Brasil-Finlandia sobre Atualidades Florestais Curitiba, PR (Brasil): 1988. p. 329-339 (BR9100990-AM)K01
650 _aRECURSO FLORESTAL
650 _aPOLITICA FLORESTAL
773 0 _tSimposio Bilateral Brasil-Finlandia sobre Atualidades Florestais
_wK01 BR9100990
_gCuritiba, PR (Brasil), 1988. p. 329-339
909 _a202404
_bLucia
_c55
_dLucia Elande
942 _cAM
_2AGRIS
999 _c321494
_d321494